Statistics for TNA Impact Wrestling Champions by Year - 2010

Click here to take the quiz!

General Stats

  • This quiz has been taken 26 times
  • The average score is 24 of 37

Answer Stats

DateEventWrestler% Correct
May 13TNA Impact!Kevin Nash
100%
July 22TNA Impact!AJ Styles
93%
May 13TNA Impact!Scott Hall
93%
October 10Bound for GloryJeff Hardy
87%
January 4TNA Impact!ODB
87%
December 23TNA Impact!Angelina Love
80%
August 12The Whole F'N ShowAngelina Love
80%
July 11Victory RoadAngelina Love
80%
April 5TNA Impact!Angelina Love
80%
October 14TNA Impact!Madison Rayne
80%
April 18LockdownMadison Rayne
80%
March 8TNA Impact!Madison Rayne
80%
July 22TNA Impact!Madison Rayne
80%
April 19TNA Impact!Rob Van Dam
80%
March 8TNA Impact!Velvet Sky
80%
January 4TNA Impact!Awesome Kong
73%
January 17GenesisTara
73%
October 10Bound for GloryTara
73%
April 5TNA Impact!Matt Morgan
67%
January 17GenesisMatt Morgan
67%
July 11Victory RoadAlex Shelley
60%
July 11Victory RoadChris Sabin
60%
September 23Live eventAmazing Red
53%
January 17GenesisHernandez
53%
January 27Live eventRob Terry
53%
August 5TNA Impact!Taylor Wilde
53%
May 16SacrificeDouglas Williams
47%
December 5Final ResolutionDouglas Williams
47%
January 28TNA Impact!Douglas Williams
47%
September 16TNA Impact!Jay Lethal
47%
December 16TNA Impact!Jay Lethal
47%
September 25Live eventJay Lethal
47%
December 23TNA Impact!Winter
47%
January 4TNA Impact!Hamada
33%
August 5TNA Impact!Hamada
33%
November 7Turning PointRobbie E
33%
April 18LockdownKazarian
27%

Score Distribution

Percentile by Number Answered

Percent of People with Each Score

Your Score History

You have not taken this quiz